|
|
|
|
| LEADER |
00000cam a2200000 7i4500 |
| 001 |
0000010241 |
| 005 |
20240918.0 |
| 008 |
030507 nyu eng |
| 020 |
|
|
|a 0471405590 (hc)
|
| 040 |
|
|
|a INS
|b eng
|e rda
|
| 090 |
0 |
0 |
|a HD58.8
|b .G555 2001
|
| 100 |
1 |
|
|a Gilson, Stuart C. ,
|e author
|
| 245 |
1 |
0 |
|a Creating value through corporate restructuring :
|b case studies in bankruptcies, buyouts and breakups
|c Stuart C. Gilson
|
| 264 |
|
1 |
|a New York :
|b John Wiley & Sons, Inc.
|c 2001
|
| 300 |
|
|
|a xii, 516 pages :
|b illustrations, maps ;
|c 24 cm.
|
| 336 |
|
|
|a text
|2 rdacontent
|
| 337 |
|
|
|a unmediated
|2 rdamedia
|
| 338 |
|
|
|a volume
|2 rdacarrier
|
| 504 |
|
|
|a Includes bibliographical references and index
|
| 650 |
|
0 |
|a Bankruptcy
|x Management
|v Case studies
|
| 650 |
|
0 |
|a Consolidation and merger of corporations
|x Management
|v Case studies
|
| 650 |
|
0 |
|a Corporate reorganizations
|x Management
|v Case studies
|
| 650 |
|
0 |
|a Leveraged buyouts
|x Management
|v Case studies
|
| 999 |
|
|
|a 0000008343
|b BOOK
|c Open Shelf
|e Default branch
|